<?xml version="1.0" encoding="UTF-8"?><?xml-stylesheet type="text/xsl" href="static/style.xsl"?><OAI-PMH xmlns="http://www.openarchives.org/OAI/2.0/" xmlns:xsi="http://www.w3.org/2001/XMLSchema-instance" xsi:schemaLocation="http://www.openarchives.org/OAI/2.0/ http://www.openarchives.org/OAI/2.0/OAI-PMH.xsd"><responseDate>2026-06-03T05:41:02Z</responseDate><request verb="GetRecord" identifier="oai:riuma.uma.es:10630/35735" metadataPrefix="marc">https://riuma.uma.es/rest/oai/request</request><GetRecord><record><header><identifier>oai:riuma.uma.es:10630/35735</identifier><datestamp>2026-02-03T11:04:40Z</datestamp><setSpec>com_10630_2254</setSpec><setSpec>col_10630_37953</setSpec></header><metadata><record xmlns="http://www.loc.gov/MARC21/slim" xmlns:dcterms="http://purl.org/dc/terms/" xmlns:doc="http://www.lyncode.com/xoai" xmlns:xsi="http://www.w3.org/2001/XMLSchema-instance" xsi:schemaLocation="http://www.loc.gov/MARC21/slim http://www.loc.gov/standards/marcxml/schema/MARC21slim.xsd">
   <leader>00925njm 22002777a 4500</leader>
   <datafield ind2=" " ind1=" " tag="042">
      <subfield code="a">dc</subfield>
   </datafield>
   <datafield ind2=" " ind1=" " tag="720">
      <subfield code="a">Batista-Zamora, Ana Ester</subfield>
      <subfield code="e">author</subfield>
   </datafield>
   <datafield ind2=" " ind1=" " tag="720">
      <subfield code="a">Natera-Rivas, Juan José</subfield>
      <subfield code="e">author</subfield>
   </datafield>
   <datafield ind2=" " ind1=" " tag="260">
      <subfield code="c">2017-12-29</subfield>
   </datafield>
   <datafield ind2=" " ind1=" " tag="520">
      <subfield code="a">El aglomerado del Gran San Miguel de Tucumán, capital de la Región Noroeste de la República Argentina, ha experimentado un notable aumento de población desde 1991. Dicha población dista de ser homogénea en lo relativo a sus niveles de instrucción, estructura por edad o caracterí­sticas de sus viviendas, entre otras, al tiempo que el aumento del parque habitacional ha tenido lugar entre dos extremos: urbanizaciones cerradas y barrios de habitat popular, en muchas ocasiones con problemas dominiales. En este contexto, y aplicando análisis factoriales de componentes principales a 13 variables censales, correspondientes a los Censos de población de 1991, 2001 y 2010, mostramos cómo las causas subyacentes a la distribución espacial de la población se han mantenido muy estables durante el periodo analizado, al tiempo que su distribución espacial refleja un proceso de progresiva polarización y problemas habitacionales no resueltos.</subfield>
   </datafield>
   <datafield ind1="8" ind2=" " tag="024">
      <subfield code="a">Batista Zamora, A. E., &amp; Natera Rivas, J. J. (2017). La evolución del mapa social del Gran San Miguel de Tucumán. Un estudio del periodo 1991 a 2010 a través del análisis factorial. Geograficando, 13(2), e027. https://doi.org/10.24215/2346898Xe027</subfield>
   </datafield>
   <datafield ind1="8" ind2=" " tag="024">
      <subfield code="a">https://hdl.handle.net/10630/35735</subfield>
   </datafield>
   <datafield ind1="8" ind2=" " tag="024">
      <subfield code="a">10.24215/2346898Xe027</subfield>
   </datafield>
   <datafield tag="653" ind2=" " ind1=" ">
      <subfield code="a">Gran San Miguel de Tucumán (Argentina) - Situación social - 1991-2010</subfield>
   </datafield>
   <datafield ind2="0" ind1="0" tag="245">
      <subfield code="a">La evolución del mapa social del Gran San Miguel de Tucumán. Un estudio del periodo 1991 a 2010 a través del análisis factorial.</subfield>
   </datafield>
</record>
</metadata></record></GetRecord></OAI-PMH>